=LDR 00000nam 2200000 4500 =001 INLIS000000000052510 =005 20180214084406 =035 ##$$a 0010-0218000206 =007 ta =008 180214###########################0###### =020 ##$$a 978-989-22-9473-6 =082 ##$$a 899.221.3 =084 ##$$a 899.221.3 FUA r =100 #$$a Fuadi =245 1#$$a Rantau muara : $b Buku ketiga dari trilogi negri 5 menara /$c Fuadi =260 ##$$a Jakarta :$b Gramedia,$c 2017 =300 ##$$a 408 hlm ; $c 20 cm =650 ##$$a fiksi indonesia =990 ##$$a 36873687 =990 ##$$a 36873687 =990 ##$$a 36873687 =990 ##$$a 36873687 =990 ##$$a 36873687 =990 ##$$a 21708476 =990 ##$$a 01201803687 =990 ##$$a 01201803688 =990 ##$$a 01201803689 =990 ##$$a 01201803690 =990 ##$$a 21708477 =990 ##$$a 01201803687 =990 ##$$a 01201803688 =990 ##$$a 01201803689 =990 ##$$a 21708476 =990 ##$$a 21708478 =990 ##$$a 01201803687 =990 ##$$a 01201803688 =990 ##$$a 21708477 =990 ##$$a 21708476 =990 ##$$a 21708479 =990 ##$$a 01201803687 =990 ##$$a 21708478 =990 ##$$a 21708477 =990 ##$$a 21708476 =990 ##$$a 21708480 =990 ##$$a 21708479 =990 ##$$a 21708478 =990 ##$$a 21708477 =990 ##$$a 21708476 =990 ##$$a 3622836228 =990 ##$$a 21708477 =990 ##$$a 21708480 =990 ##$$a 21708479 =990 ##$$a 21708478 =990 ##$$a 21708476 =990 ##$$a 01201807065